000 00897 a2200229 4500
005 20260225160413.0
008 260225b |||||||| |||| 00| 0 eng d
020 _a9788119141791(hbk)
037 _cTB
040 _aCRL
_cCRL
041 _2hin
_ahin
084 _aP152v R5
_qCRL
100 _aदास, श्यामसुंदर
_9861895
245 _aहिन्दी भाषा का विकास
260 _aदिल्ली, भारत:
_bअनन्य प्रकाशन,
_c2025.
300 _a85पृ.
365 _b275.00
_cINR
650 _aहिन्दी भाषा
650 _aहिन्दी
942 _cTB
_2CC
_hP152v R5
999 _c1466893
_d1466893